Clubs français en Ligue Europa depuis 1971 - Statistiques

Statistiques générales
  • Ce quiz a été pris 672 fois
  • Le résultat moyen est 23 sur 31
Statistiques - réponses
Nombre de participations Matchs joués Victoires Nuls Défaites Meilleur résultat Clubs % Correct
15 107 43 31 33 Finale 1999, 2004 et 2018 Olympique de Marseille
99%
15 92 53 17 22 Demi-finale 2017 Olympique Lyonnais
97%
9 72 32 24 16 Demi-finale 1993 Paris Saint-Germain
95%
12 48 21 14 13 1/4 de finale 1986 et 1995 FC Nantes
94%
22 140 70 27 43 Finale 1996 Girondins de Bordeaux
94%
7 42 14 8 20 1/8 de finale 2019 Stade Rennais
94%
8 58 24 19 15 1/8 de finale 2002, 2005, 2006 et 2010 LOSC
93%
6 30 11 0 19 1/8 de finale 1974 OGC Nice
91%
12 62 30 16 16 Demi-finale 1997 AS Monaco
90%
10 74 27 27 20 1/4 de finale 1980 et 1981 AS Saint-Étienne
90%
11 64 28 17 19 Demi-finale 2000 RC Lens
90%
4 22 9 3 10 1/16 de finale 1987 et 1988 Toulouse FC
88%
6 34 17 6 11 1/8 de finale 1979, 1998 et 2006 RC Strasbourg
85%
14 78 37 17 24 Demi-finale 1993 AJ Auxerre
82%
4 10 2 2 6 1/32 de finale 1989 et 1997 Montpellier HSC
82%
1 2 1 1 0 3e tour 2021 Stade de Reims
82%
4 14 5 4 5 1/8 de finale 1997 FC Metz
80%
2 14 6 3 5 1/16 de finale 2007 AS Nancy-Lorraine
74%
3 12 4 2 6 1/16 de finale 2015 EA Guingamp
73%
1 2 1 0 1 1er tour 2003 FC Lorient
72%
2 16 10 2 4 Finale 1978 SC Bastia
70%
9 38 16 10 12 Demi-finale 1981 FC Sochaux-Montbéliard
69%
1 2 0 1 1 1er tour 1973 Angers SCO
61%
1 4 2 0 2 1/32 de finale 2002 ESTAC
56%
1 2 1 0 1 1/32 de finale 1993 SM Caen
56%
2 4 1 0 3 1er tour 1972 et 1973 Nîmes Olympique
54%
1 2 1 0 1 1er tour 2002 CS Sedan Ardennes
48%
2 8 3 2 3 1/16 de finale 1992 et 1995 AS Cannes
32%
1 4 1 2 1 1/16 de finale 1984 Stade Lavallois
32%
1 2 0 1 1 1er tour 2001 FC Gueugnon
27%
1 2 0 0 2 1er tour 2005 LB Châteauroux
20%
Aucun quiz correspondant
Distribution des résultats
% des personnes avec chaque résultat
Percentile par nombre de réponses
Votre historique - résultats
Vous n’avez pas pris ce quiz